|
|
|
|
| LEADER |
01284nam a2200265 a 4500 |
| 001 |
GR-Antirio685 |
| 008 |
090326s2006 mau b 001 0 gre d |
| 020 |
|
|
|a 1596930446
|
| 040 |
|
|
|a GrPaTEI
|b gre
|c GR-PaULI
|
| 040 |
|
|
|a GrPaTEI
|b gre
|c GR-PaULI
|
| 040 |
|
|
|a GrPaTEI
|b gre
|c GR-PaULI
|
| 082 |
|
0 |
|a 621.382
|2 22
|
| 100 |
0 |
|
|a Pietrzyk, Slawomir
|
| 245 |
1 |
0 |
|a OFDMA for broadband wireless access /
|c Pietrzyk, Slawomir.
|
| 260 |
|
|
|a Boston , London :
|b Artech House,
|c c 2006
|
| 300 |
|
|
|a 250 σ. :
|b εικ. ;
|c 24 εκ.
|
| 490 |
0 |
|
|a Artech House mobile communication series.
|
| 504 |
|
|
|a Περιλαμβάνει βιβλιογραφίες και ευρετήριο.
|
| 650 |
|
0 |
|a ORTHOGONAL FREQUENCY DIVISION MULTIPLEXING
|
| 650 |
1 |
0 |
|a Wireless communication systems
|
| 942 |
|
|
|2 ddc
|
| 952 |
|
|
|0 0
|1 0
|2 ddc
|4 0
|6 621_382000000000000_PIE
|7 0
|9 261989
|a LISK-2
|b LISK-2
|c BSC
|d 2021-01-17
|e 24
|f 0
|g 0.00
|l 0
|o 621.382 PIE
|p 2430000006913
|r 2021-01-17 00:00:00
|t 1
|w 2021-01-17
|y BK15
|x 20090326 0 1
|x GrPaTEI - Antirrio
|
| 952 |
|
|
|0 0
|1 0
|2 ddc
|4 0
|6 621_382000000000000_PIE
|7 0
|9 261990
|a LISK-2
|b LISK-2
|c BSC
|d 2021-01-17
|e 24
|f 0
|g 0.00
|l 0
|o 621.382 PIE
|p 2430000006914
|r 2021-01-17 00:00:00
|t 1
|w 2021-01-17
|y BK15
|x 20090326 0 1
|x GrPaTEI - Antirrio
|
| 971 |
|
|
|a .b25704849
|b 01-10-20
|c 12-09-16
|
| 999 |
|
|
|c 151134
|d 151134
|